[Event "Sharjah WGP 2014"]
[Site "Sharjah UAE"]
[Date "2014.09.06"]
[Round "11.4"]
[White "Koneru, Humpy"]
[Black "Danielian, Elina"]
[Result "1-0"]
[WhiteTitle "GM"]
[BlackTitle "GM"]
[WhiteElo "2598"]
[BlackElo "2490"]
[WhiteFideId "5008123"]
[BlackFideId "13300210"]
[EventDate "2014.08.25"]

1. d4 Nf6 2. c4 e6 3. Nf3 c5 4. d5 exd5 5. cxd5 d6 6. Nc3 g6 7. Bf4 Bg7 8. h3
O-O 9. e3 Na6 10. Nd2 Nc7 11. Nc4 b5 12. Bxd6 bxc4 13. Bxf8 Kxf8 14. Bxc4 Rb8
15. O-O Rxb2 16. Rb1 Rb4 17. Qd3 Nd7 18. d6 Ne8 19. Qd5 Rxc4 20. Qxc4 Nxd6 21.
Qd5 Ne8 22. Ne4 Qc7 23. Rfd1 Be5 24. f4 Bf6 25. Rbc1 Be7 26. Ng5 Bxg5 27. fxg5
Ng7 28. Rf1 Nf5 29. e4 Bb7 30. Qc4 Nd6 31. Qc3 Kg8 32. Qg3 c4 33. Rcd1 Qc5+ 34.
Kh2 Nxe4 35. Qf4 Ne5 36. Rd8+ Kg7 37. Re8 Nd6 38. Qf6# 1-0

[Event "Sharjah WGP 2014"]
[Site "Sharjah UAE"]
[Date "2014.09.06"]
[Round "11.6"]
[White "Muminova, Nafisa"]
[Black "Zhao, Xue"]
[Result "0-1"]
[WhiteTitle "WGM"]
[BlackTitle "GM"]
[WhiteElo "2315"]
[BlackElo "2508"]
[WhiteFideId "14201526"]
[BlackFideId "8601283"]
[EventDate "2014.08.25"]

1. e4 d5 2. exd5 Qxd5 3. Nc3 Qd6 4. d4 Nf6 5. Nf3 g6 6. Nb5 Qb6 7. c4 c6 8. Nc3
Bg7 9. Be2 O-O 10. O-O Bg4 11. b3 Rd8 12. Be3 Nbd7 13. Qc1 Nf8 14. Rd1 Ne8 15.
h3 Bxf3 16. Bxf3 Qa5 17. Rb1 Nd6 18. g4 e5 19. d5 c5 20. Ne4 f5 21. Nxd6 Rxd6
22. a3 Qc7 23. b4 b6 24. bxc5 bxc5 25. Rb5 Nd7 26. Qb1 e4 27. Be2 Be5 28. Bg5
Rb6 29. Kh1 Bd4 30. gxf5 gxf5 31. Rg1 Kh8 32. Be3 Qe5 33. Rxb6 Nxb6 34. Bh6 Qe7
35. Qf1 Rg8 36. Rxg8+ Kxg8 37. Qg2+ Kh8 38. Bf4 Nd7 39. Kg1 Be5 40. Qg5 Qg7 41.
Qxg7+ Kxg7 42. Bg5 Kg6 43. Bd8 Bd6 44. a4 Ne5 45. Kf1 f4 46. Ke1 f3 47. Bf1 Kf5
48. Ba5 Ng6 49. Kd1 h5 50. Bd2 Nf4 51. Be3 Kg5 52. Kc2 Kh4 53. Bxf4 Bxf4 54. Kc3
Kg5 55. Kc2 h4 56. Kc3 Kf6 57. Kc2 Be5 58. Kd2 Bd4 59. Ke1 Ke5 0-1